Estudio de Opinión Pública Unimer RI - La Nación setiembre - octubre de 1999: efectuada del 23 de setiembre al 5 de octubre /
Gardado en:
| Autor Principal: | |
|---|---|
| Autor Corporativo: | |
| Outros autores: | |
| Formato: | Texto |
| Publicado: |
San José:
Unimer
|
| Materias: | |
| Etiquetas: |
Engadir etiqueta
Sen Etiquetas, Sexa o primeiro en etiquetar este rexistro!
|
MARC
| LEADER | 00000 a a2200000 04500 | ||
|---|---|---|---|
| 001 | 27688 | ||
| 003 | |||
| 040 | |||
| 090 | |a 185913 |b ENCUESTA | ||
| 100 | |a Paniagua, Carlos G. | ||
| 110 | |a Unimer Research International | ||
| 245 | |a Estudio de Opinión Pública Unimer RI - La Nación setiembre - octubre de 1999: efectuada del 23 de setiembre al 5 de octubre / |c Carlos G. Paniagua | ||
| 260 | |a San José: |b Unimer | ||
| 300 | |a 75 p. y s.p; 3 vol. |b **no definido** |b fonodiscos | ||
| 650 | |a ESTADISTICAS SOCIALES | ||
| 650 | |a PROBLEMAS SOCIALES | ||
| 650 | |a CONDICIONES DE VIDA | ||
| 650 | |a DELINCUENCIA | ||
| 650 | |a SEGURIDAD SOCIAL | ||
| 650 | |a POBREZA | ||
| 650 | |a DESIGUALDAD SOCIAL | ||
| 650 | |a DESAMPARADOS | ||
| 650 | |a DELINCUENCIA | ||
| 650 | |a DELITOS | ||
| 650 | |a DROGAS DE USO INDEBIDO | ||
| 650 | |a VIVIENDA | ||
| 650 | |a CONDICIONES DE VIVIENDA | ||
| 650 | |a CONDICION SOCIAL | ||
| 650 | |a CALIDAD DE LA VI | ||
| 700 | |a García S, Cathalina | ||
| 999 | |c 9410 |d 9410 | ||
